000 00749nam a2200289Ia 4500
005 20260324114826.0
008 008 260324s9999 xx 000 0 eng d
020 _a9781351028226
037 _aEBOOK
040 _aCRL
040 _beng
040 _cCRL
041 _2eng
041 _aeng
084 _qCRL
100 _aDick Sandberg; Andreja Kutnar; Olov Karlsson; Dennis Jones
_91152306
245 0 _aWood Modification Technologies
245 0 _bPrinciples, Sustainability, and the Need for Innovation
260 _bTaylor and Francis
260 _c2021
365 _a
365 _b385
856 _uhttp://www.taylorfrancis.com/books/9781351028226
942 _cEBOOK
999 _c1742715
_d1742715